000 00692nam0a22002651 4500
001 RU\NLR\INFOCOMM10\ROSSICA\1000012050
005 20250613184950.0
035 _a(NLR Aleph) 009877703
090 _a10455581
_c10455581
100 _a20030724d1877 |||y0rusy50 ca
101 0 _afre
102 _aRU
105 _ay ||||000ay
200 1 _aDe la littérature romanesque géorgienne
_fBrosset
210 _aSt.Pétersbourg
_d1877
215 _d8°
300 _aTiré du Bulletin, T.XXIV
700 1 _aBrosset
_bM.
_4070
801 1 _aRU
_bInfoComm
_c20030724
801 0 _aRU
_bNLR
_gPSBO
852 _aNLR
_j12.43.3.163
942 _cBOOK
980 _aNB
980 _aRossica